000 01306 am a2200373ua 4500
999 _c646
_d646
001 008763931
003 OSt
005 20191014153938.0
008 840806s1983 enk | 000 d spa
015 _aGB8325006
_2bnb
020 _a0719009502 (pbk) :
020 _a9780719009501
039 0 _a1802
040 _aUk
_cUk
041 0 _aspa
_beng
082 0 4 _a862 GAR
100 1 _aGarcía Lorca, Federico,
_d1898-1936.
_eauthor
245 1 3 _aLa casa de Bernarda Alba /
_cFederico García Lorca ; edited with introduction, notes and vocabulary by H. Ramsden.
260 _aManchester :
_bManchester University Press,
_c1983.
300 _alxiii,106p. ;
_c20cm.
336 _atext
_2rdacontent
337 _aunmediated
_2rdamedia
338 _avolume
_2rdacarrier
490 1 _aHispanic Texts
546 _aSpanish text, English introduction and notes.
650 0 _aSpanish language
_xReaders.
653 _aDrama in Spanish
_a1900-1945
_aTexts
700 1 _aRamsden, H.
_q(Herbert),
_d1927-
_eEditor
830 0 _aSpanish texts.
886 2 _2ukmarc
_a900
_b10
_aLorca
_hFederico García
_xSee
_aGarcía Lorca, Federico
_z100
886 2 _2ukmarc
_a900
_b10
_aLorca
_hFederico García
_xSee
_aGarcía Lorca, Federico,
_x1898-1936
_z100
942 _2ddc
_cNFIC